00434nam a2200169Ia 4500003000400000005001700004008004100021040000700062041000800069082002200077100002000099245005200119260004900171365000800220650002200228650001400250OSt20230516145707.0210423s1974 xx 000 0 und d cAL aeng a307.72 223bTAIL aTAI (Hung Chao) aLand reforms and politics: comparative analysis aLondonbUniversity of California Pressc1974 cINR aRural Communities aSociology